000 00982nam a2200205Ii 4500
003 JO-AjNU
008 230605s9999||||xx |||||||||||||| ||und||
017 _a2005/11/2813
040 _aJO-AjNU
_bara
_erda
_cJO-AjNU
041 _aara
050 1 4 _aDS934.55.N33 2006
100 3 _aتحرير الخانجي، رجائي رشيد ، محرر مشارك كونغ، إلجو,
_eauthor
_945296
245 0 0 _aنحو تعزيز المزيد من التعاون مع جمهورية كوريا= Towards Promoting More Cooperation with Korea
264 3 1 _aعمان: مؤسسة كوريا للابحاث، 2005
300 _a166ص باللغة العربية/18ص باللغة الانجليزية
336 _atext
_btxt
_2rdacontent
337 _aunmediated
_bn
_2rdamedia
338 _avolume
_bnc
_2rdacarrier
650 4 _aالتبادل الثقافي- التعاون الثقافي-العلاقات الدولية- كوريا الجنوبية- البلدان العربية
_945297
999 _aA19624
_c23192
_d23192